| 000 | 00649nam a2200205 a 4500 | ||
|---|---|---|---|
| 001 | 71958 | ||
| 003 | BD-RjUL | ||
| 005 | 20211209082207.0 | ||
| 008 | 170511s1951 enka 000 0 eng d | ||
| 035 | _a(BD-RjUL)72174 | ||
| 040 |
_aNLM _cNLM _dEQO _dBD-RjUL _beng |
||
| 041 | _aeng | ||
| 082 |
_223 _a621.381542 _bCAT 1951 |
||
| 245 |
_aCathode-ray tubes and their associated circuits / _cUnited States. Department of the Army |
||
| 260 |
_aWashington : _bUnited States G.P.O, _cc1951 |
||
| 300 |
_a218 p. : _bill. ; _c28 cm. |
||
| 650 |
_aCathode ray tubes _9212828 |
||
| 710 |
_aUnited States. Department of the Air Force. _9212829 |
||
| 942 |
_2ddc _cBK |
||
| 999 |
_c71958 _d71958 |
||